Statistics for Embarrassing Chapters in US History, Part 5 (2011-2018)

Click here to take the quiz!

General Stats

  • This quiz has been taken 1,475 times
  • The average score is 11 of 20

Answer Stats

HintAnswer% Correct
In 2016, this reality TV star is elected US presidentDonald Trump
100%
His campaign catch phrases includeMake America {great} {again}
94%
His campaign catch phrases includeBuild the {wall}
91%
During a debate, he boasts about the size ofHis {"hands"}
87%
He officially announced his candidacy in a speech calling people from this country rapistsMexico
81%
He confesses he'd like to be dating this woman, his daughterIvanka Trump
80%
His campaign catch phrases includeDrain the {swamp}
67%
He makes major concessions to this dictator at a summit in Singapore, receiving nothing in returnKim Jong Un
67%
The president travels to this neglected and disaster-struck island to toss paper towels into a crowd, then claim problem solvedPuerto Rico
64%
His campaign catch phrases include{Lock} her up
62%
Numerous women come forth alleging sexual impropriety including this busty porn starStormy Daniels
53%
The above, in private, allegedly and correctly calls the presidenta (expletive) {moron}
48%
He says "he's being recognized more and more," about this African-American reformer, deceased 120 years agoFrederick Douglass
39%
He fires this FBI director and admits it was to obstruct investigation into his campaignJames Comey
39%
This press secretary makes his first address by falsely claiming the inauguration crowd was the biggest in historySean Spicer
34%
He launched his presidential bid in 2011, by endorsing this conspiracy theory "ism"{Birther}ism
32%
In a 2018 APSA poll, he is ranked worst president in history, unseating this presidentJames Buchanan
32%
After the above's firing, this special counsel is appointed, leading to numerous indictments and guilty pleasRobert Mueller
32%
This former Exxon CEO is made Secretary of StateRex Tillerson
27%
A tape from this TV show includes him bragging about serial sexual assaultAccess Hollywood
20%

Score Distribution

Percentile by Number Answered

Percent of People with Each Score

Your Score History

You have not taken this quiz